Normal view
MARC view
- القانون الجنائي -- المحاكمات الجزائية
Entry Topical Term
001 - CONTROL NUMBER
- control field: 25249
003 - CONTROL NUMBER IDENTIFIER
- control field: JO-AjAnu
005 - DATE AND TIME OF LATEST TRANSACTION
- control field: 20230606074322.0
008 - FIXED-LENGTH DATA ELEMENTS
- fixed length control field: 230606|| aca||aabn | a|a d
040 ## - CATALOGING SOURCE
- Original cataloging agency: JO-AjAnu
- Transcribing agency: JO-AjAnu
150 ## - HEADING--TOPICAL TERM
- Topical term or geographic name entry element: القانون الجنائي -- المحاكمات الجزائية
670 ## - SOURCE DATA FOUND
- Source citation: Work cat.: (JO-AjAnu)12986: جوخدار ، حسن , author 25248, شرح قانون أصول المحاكمات الجزائية الأردني : الدعوئ الناشئة عن الجريمة ، القضاء الجزائي ، الاثبات الجزائي " دراسة مقارنة " 1 /2